Poemas /
Guardado en:
| Autor Principal: | |
|---|---|
| Formato: | Libro |
| Publicado: |
Buenos Aires :
Eudeba,
1966
|
| Series: | Los contempor neos
|
| Materias: | |
| Etiquetas: |
Agregar Etiqueta
Sin Etiquetas, Sea el primero en etiquetar este registro!
|
| LEADER | 00742nam a22002175a 4500 | ||
|---|---|---|---|
| 001 | CEM.cems004154 | ||
| 005 | 20060216000000.0 | ||
| 008 | 130507s1966##################000#0#####d | ||
| 003 | CEMS | ||
| 082 | 0 | 4 | |a A861.4 |
| 100 | 1 | |a Marechal, Leopoldo | |
| 245 | 1 | 0 | |a Poemas / |
| 260 | |a Buenos Aires : |b Eudeba, |c 1966 | ||
| 300 | |a 92 p. | ||
| 490 | 0 | |a Los contempor neos | |
| 505 | 0 | |a Odas para el hombre y la mujer.- Poemas australes.- El Centauro.- Sonetos a Sophia.- Heptamer¢n VI (La Er¢tica).- Heptamer¢n II (La Patri¢tica).- Heptamer¢n I (La Alegropeya).- | |
| 653 | |a Literatura | ||
| 653 | |a Literatura argentina | ||
| 653 | |a Poesia argentina-siglo 20 | ||
| 653 | |a Poesias | ||
| 859 | |a CEMS |b BIB. CEMS - 11 de abril |h A861.4 |i M334 |p 5893.77 |t Ej.1 | ||
